| 000 | 00392nam a2200133Ia 4500 | ||
|---|---|---|---|
| 005 | 20251222144626.0 | ||
| 008 | 251222s9999||||xx |||||||||||||| ||spa|| | ||
| 020 | _a987-538-119-5 | ||
| 082 | _a362.76/L745 | ||
| 100 | _aLlobet, Valeria | ||
| 245 | 0 | _aLa Promoción de Resiliencia con Niños y Adolecentes: | |
| 264 | _bCentro de Publicaciones Educativas y Material Didáctico | ||
| 942 | _cLIB | ||
| 999 |
_c16142 _d16142 |
||